Artists That Have Been In the Spotify Top 100 - Statistics

General Stats
  • This quiz has been taken 841 times
  • The average score is 71 of 177
Answer Stats
Rank Listeners Peak Artist Most Popular Song % Correct
20 67,018,402 2 Ed Sheeran Shape of You
92%
22 64,157,093 3 Shakira Hips Don't Lie
92%
2 102,469,816 1 Taylor Swift Cruel Summer
92%
1 107,043,404 1 The Weeknd Blinding Lights
92%
36 55,458,072 22 Lady Gaga Shallow
91%
7 80,842,285 7 Eminem Lose Yourself
89%
74 41,770,765 56 Michael Jackson Billie Jean
88%
9 76,659,056 7 Coldplay Yellow
87%
44 52,518,326 30 Queen Bohemian Rhapsody
87%
6 82,505,246 3 Ariana Grande 7 rings
86%
25 62,071,365 6 Beyoncé Halo
85%
13 74,729,129 3 Justin Bieber Love Yourself
85%
5 84,736,576 2 Rihanna We Found Love
85%
37 55,360,381 23 Katy Perry Dark Horse
84%
8 79,289,002 3 Drake One Dance
83%
14 72,630,973 7 Bruno Mars When I Was Your Man
82%
101 36,780,473 91 50 Cent In Da Club
81%
96 37,640,836 59 Britney Spears Toxic
80%
226 24,572,033 5 Mariah Carey All I Want for Christmas Is You
80%
26 61,563,126 13 Harry Styles As It Was
79%
12 75,172,889 8 Kendrick Lamar HUMBLE.
79%
115 34,808,637 66 JAY-Z Empire State of Mind
77%
18 67,753,870 6 Kanye West Ni**as In Paris
77%
190 27,213,940 99 Kodak Black ZEZE
77%
47 50,907,787 31 Adele Someone Like You
76%
33 57,246,567 32 Hozier Take Me to Church
76%
28 60,892,758 2 Miley Cyrus Flowers
76%
4 90,330,901 3 Post Malone Sunflower
75%
103 36,569,035 78 The Beatles Here Comes The Sun
75%
87 38,764,730 87 AC/DC Highway to Hell
74%
24 62,155,429 18 Imagine Dragons Believer
74%
3 101,143,994 3 Billie Eilish lovely
73%
66 43,336,318 57 Camila Cabello Havana
73%
11 75,241,058 3 Dua Lipa Don't Start Now
73%
41 54,386,127 18 Olivia Rodrigo drivers license
73%
56 47,792,804 18 Nicki Minaj Starships
72%
40 55,082,626 5 Doja Cat Kiss Me More
71%
32 58,124,903 8 Sia Cheap Thrills
71%
86 38,985,735 57 Justin Timberlake CAN'T STOP THE FEELING!
70%
93 38,047,839 50 Madonna Material Girl
70%
75 41,597,025 57 Black Eyed Peas I Gotta Feeling
69%
39 55,167,834 25 Lana Del Rey Summertime Sadness
68%
31 59,312,807 31 OneRepublic Counting Stars
68%
48 50,329,130 48 Pitbull Timber
68%
91 38,058,427 82 Red Hot Chili Peppers Californication
67%
21 66,668,222 3 Bad Bunny DÁKITI
66%
27 61,472,774 21 Maroon 5 Memories
66%
109 35,873,181 68 P!nk Just Give Me a Reason
65%
71 41,885,228 45 Shawn Mendes Señorita
65%
15 72,333,516 9 SZA Kill Bill
63%
89 38,581,748 69 Avicii Wake Me Up
61%
49 50,070,149 7 Sam Smith Stay With Me
61%
509 15,709,332 34 Frank Sinatra Fly Me To The Moon (In Other Words)
60%
135 32,270,215 90 Pharrell Williams Happy
59%
828 11,141,861 13 Wham! Last Christmas
59%
50 50,046,837 48 The Chainsmokers Closer
58%
83 39,807,647 47 USHER Yeah!
58%
73 41,848,198 58 Charlie Puth We Don't Talk Anymore
57%
46 51,014,848 16 Elton John Cold Heart
56%
228 24,528,689 61 Lil Nas X INDUSTRY BABY
56%
399 18,239,472 37 Kelly Clarkson Since U Been Gone
55%
61 45,290,616 58 One Direction Night Changes
55%
237 24,272,488 54 Gorillaz Feel Good Inc.
54%
927 10,243,801 80 John Lennon Imagine
54%
893 10,551,533 61 Aqua Barbie Girl
53%
10 75,531,381 4 David Guetta I'm Good (Blue)
53%
72 41,881,544 66 Linkin Park In the End
53%
184 27,568,341 63 BTS Dynamite
52%
19 67,302,956 6 Travis Scott goosebumps
52%
16 70,045,524 13 Calvin Harris One Kiss
51%
142 31,471,204 84 Cardi B I Like It
50%
261 23,474,853 63 Elvis Presley Can't Help Falling in Love
50%
84 39,721,585 22 Selena Gomez Wolves
49%
94 37,895,646 85 Ava Max Sweet but Psycho
48%
92 38,058,413 51 Ellie Goulding Love Me Like You Do
48%
23 62,484,538 11 Marshmello Happier
48%
80 40,338,549 67 XXXTENTACION SAD!
48%
17 68,588,491 17 Sabrina Carpenter Nonsense
47%
130 32,912,901 66 Lewis Capaldi Someone You Loved
46%
35 55,831,316 31 Benson Boone Beautiful Things
45%
43 53,122,678 28 Khalid Young Dumb & Broke
43%
162 28,982,197 94 Juice WRLD Lucid Dreams
42%
52 49,768,466 41 Arctic Monkeys I Wanna Be Yours
41%
67 43,019,165 48 Halsey Without Me
41%
76 41,497,483 72 The Neighbourhood Sweater Weather
41%
116 34,770,755 97 Fleetwood Mac Dreams
38%
29 60,441,053 22 Future Mask Off
38%
102 36,713,506 98 Creedence Clearwater Revival Have You Ever Seen The Rain
34%
117 34,499,889 63 Djo End of Beginning
33%
147 30,873,311 50 The Kid LAROI STAY
33%
150 30,598,173 100 Alan Walker Faded
32%
77 41,435,078 45 J. Cole No Role Modelz
32%
45 51,631,772 22 Daddy Yankee Con Calma
31%
178 27,724,110 98 Demi Lovato Sorry Not Sorry
31%
144 31,202,467 77 Jason Derulo Swalla
31%
137 32,010,646 67 Lil Uzi Vert XO Tour Llif3
31%
110 35,857,778 70 Lil Wayne Sucker for Pain
31%
68 42,949,171 37 Bebe Rexha Meant to Be
30%
63 43,949,427 26 Tate McRae you broke me first
30%
95 37,836,043 69 James Arthur Say You Won't Let Go
28%
131 32,579,842 86 Noah Kahan Stick Season
28%
428 17,592,787 60 PinkPantheress Boy's a liar Pt. 2
27%
616 13,671,791 13 Michael Bublé It's Beginning to Look a Lot like Christmas
26%
90 38,566,006 76 Teddy Swims Lose Control
26%
38 55,174,461 17 21 Savage Bank Account
25%
54 49,016,002 25 Chris Brown Under The Influence
25%
111 35,841,868 29 Jack Harlow Whats Poppin
25%
648 13,137,683 79 Paul McCartney Wonderful Christmastime
25%
98 37,323,270 91 A$AP Rocky Praise The Lord (Da Shine)
23%
141 31,576,090 61 Anne-Marie 2002
23%
494 16,014,647 49 Ice Spice Princess Diana
23%
34 56,122,470 29 J Balvin LA CANCIÓN
23%
138 31,761,489 70 RAYE Escapism.
23%
30 59,671,315 17 Metro Boomin Creepin'
22%
97 37,459,053 97 Lil Baby Drip Too Hard
21%
126 33,560,258 66 Sean Paul No Lie
21%
1,803 6,053,997 40 Dean Martin Let It Snow! Let It Snow! Let It Snow!
20%
186 27,373,428 69 Meghan Trainor Like I'm Gonna Lose You
20%
60 45,665,207 59 Morgan Wallen Last Night
20%
85 39,126,050 85 Ne-Yo So Sick
20%
123 34,125,120 86 Tyler, The Creator See You Again
20%
57 47,596,485 21 KAROL G Tusa
19%
165 28,739,304 71 Mitski My Love Mine All Mine
19%
69 42,319,217 69 Gunna fukumean
18%
234 24,356,839 47 ROSALÍA DESPECHÁ
18%
62 45,086,494 31 Playboi Carti Magnolia
17%
114 34,849,440 95 DJ Snake Let Me Love You
16%
145 31,174,538 49 Kali Uchis telepatia
16%
127 33,312,136 81 Central Cee Doja
15%
105 36,367,529 95 Kygo It Ain't Me
15%
1,554 6,910,213 69 Nat King Cole The Christmas Song (Merry Christmas To You)
13%
79 40,426,079 51 Swae Lee Won't Be Late
13%
53 49,337,674 47 Tommy Richman MILLION DOLLAR BABY
13%
99 37,179,891 89 Don Omar Danza Kuduro
12%
262 23,372,694 61 Jung Kook Seven
12%
64 43,807,788 56 Maluma Hawái
11%
222 25,175,265 82 Stephen Sanchez Until I Found You
11%
51 49,880,123 38 Tiësto The Business
11%
195 27,052,960 94 d4vd Romantic Homicide
10%
1,101 9,082,671 70 FIFTY FIFTY Cupid - Twin Ver.
10%
153 30,171,695 80 Miguel Sure Thing
10%
88 38,667,927 40 Ty Dolla $ign Or Nah
10%
196 26,970,442 97 Young Thug The London
10%
59 45,847,441 43 Artemas i like the way you kiss me
9%
112 35,517,592 87 JENNIE SOLO
9%
407 18,018,462 74 Latto Big Energy
9%
251 23,889,892 60 Rema Calm Down
9%
140 31,611,405 78 Becky G MAMIII
8%
106 36,311,041 28 Bizarrap Quevedo: Bzrp Music Sessions, Vol. 52
8%
113 35,470,986 64 Farruko Pepas
8%
275 23,088,716 100 JID Surround Sound
8%
55 48,221,070 27 Peso Pluma LADY GAGA
8%
42 53,296,711 34 Rauw Alejandro Todo De Ti
8%
78 40,797,685 40 Ozuna Hey Mor
7%
201 26,694,657 71 Quevedo Columbia
6%
1,203 8,470,059 73 The Ronettes Sleigh Ride
6%
155 29,843,135 71 Anitta Downtown
5%
121 34,181,761 95 Diplo Heartless
5%
219 25,436,063 76 Robin Schulz Sugar
5%
122 34,167,163 83 Anuel AA China
4%
65 43,529,739 53 Feid Feliz Cumpleaños Ferxxo
4%
297 22,146,244 92 Lil Durk 3 Headed Goat
4%
100 36,834,111 66 Manuel Turizo La Bachata
4%
70 42,230,815 48 Myke Towers LALA
4%
81 40,126,443 57 Arijit Singh Tujhe Kitna Chahne Lage
3%
337 20,650,835 72 Coi Leray Players
3%
58 46,704,904 58 Cris Mj Una Noche en Medellín
3%
82 40,046,198 82 FloyyMenor Gata Only
3%
147 30,626,997 64 Grupo Frontera un x100to
2%
280 22,836,861 43 Kim Petras Alone
2%
163 28,822,876 67 Labrinth Formula
2%
302 21,999,701 91 Tainy Lo Siento BB:/
2%
367 19,580,796 64 Eslabon Armado Ella Baila Sola
1%
704 12,501,395 85 Oliver Tree Miss You
1%
104 36,460,694 77 Pritam Kesariya
1%
108 35,966,630 85 Shreya Ghoshal Ye Ishq Hai
1%
124 33,849,662 100 A.R. Rahman Rait Zara Si
0%
No matching quizzes found
Score Distribution
Percent of People with Each Score
Percentile by Number Answered
Your Score History
You have not taken this quiz